00814nam a2200229 a 450000100060000000300080000600500170001400800410003103500460007204000350011804100080015308200190016110000450018024500690022526000340029430000520032850000480038050400500042860000340047865000320051283000400054431662BD-RjUL20211209051731.0140421r19681949nyu b 001 0beng d aOCLC 442910 from rajwo18a(BD-RjUL) 31750 aBD-RjULbengcBD-RjULdBD-RjUL aeng a192bLUL 19681 aLuce, A. A.q(Arthur Aston),d1882-1977.14aThe life of George Berkeley : Bishop of Cloyne /cby A. A. Luce aNew York :bGreenwood,c1968. axi, 260 p. :billus., facsims., ports. ;c24 cm aReprint of the 1949 edition: Nelson, London aIncludes index and Bibliographical footnotes.10aBerkeley, George,d1685-1753. aBerkeley, George, 1685-1753 0aBibliotheca Britannica philosophica